000 00960nam2a2200253 4500
001 RU\NLR\BIBL_A\016212882
005 20221212150658.0
010 _a978-5-04-170290-8
_910000
021 _aRU
_bКН-П-22-072514
_9КН-П-22-6311
035 _a(NLR Aleph) 016212882
090 _a12712979
_c12712979
100 _a20221121d2022 u y0rusy50 ca
101 0 _arus
102 _aRU
105 _ay z 000ay
200 0 _aТ. 1-2
210 _d2022
215 _a700, [2] с.
225 1 _a...
_v006
461 0 _1001RU\NLR\BIBL_A\016212877
_12001#$aВойна и мир$e[роман]$fЛев Толстой$vТ. 1-2
_1700#1$aТолстой$bЛ. Н.$f1828-1910$gЛев Николаевич$3RU\NLR\AUTH\771515
_912712963
_aТолстой, Л. Н. (1828-1910)
_cМосква
_d2022
_fЛев Толстой
_nЭксмо
_o[роман]
_tВойна и мир
_vТ. 1-2
942 _cBOOK
980 _aNB